Logistika

Saved in:
Bibliographic Details
Main Author: Stern, Juraj
Corporate Author: Ekonomická univerzita v Bratislave. Fakulta podnikového manažmentu
Other Authors: Dupaľ, Andrej
Format: Book
Language:Slovak
Published: Bratislava Vydavateľstvo Ekonóm 1999
Subjects:
Tags: Add Tag
No Tags, Be the first to tag this record!

MARC

LEADER 00000nam a2200000 4500
001 c110239
005 20240502071316.2
020 |a 80-225-1142-0 
041 0 |a slo 
044 |a SK 
245 1 0 |a Logistika  |c Juraj Stern, Andrej Dupaľ 
264 1 |a Bratislava  |b Vydavateľstvo Ekonóm  |c 1999 
300 |a 161 s. 
610 2 0 |a logistika 
610 2 0 |a hospodárstvo skladové 
610 2 0 |a reťazce logistické 
610 2 0 |a manipulácia s materiálom 
610 2 0 |a manipulácia s tovarom 
610 2 0 |a skladovanie 
610 2 0 |a riadenie výroby 
610 2 0 |a modely logistické 
610 2 0 |a príprava výroby materiálová 
610 2 0 |a systémy informačné podnikové 
610 2 0 |a hospodárstvo podnikové 
610 2 0 |a systémy expertné 
610 2 0 |a náklady dopravné 
610 2 0 |a stratégia podniková 
610 2 0 |a kontroling 
100 1 |a Stern, Juraj 
700 1 |a Dupaľ, Andrej 
710 2 |a Ekonomická univerzita v Bratislave. Fakulta podnikového manažmentu